000 00453nam a22001577a 4500
020 _a8120400534
082 _a526.9
_bSHA
_cL-16, P-60
100 _aShahani, P. B
_939600
245 _aText book of surveying /
_cP.B Shahani
260 _aNew Dehli
_bOxford & IBH Publishing Co.
_c1979.
300 _axii, 625 p. :
526 _a0
_b0
_c0
_d526_900000000000000_SHA
526 _a0
_b0
_c0
_d526_900000000000000_SHA
650 _aMCE
_9379
942 _2ddc
_cBK
999 _c544062
_d544062